Countries that have Invaded Russia - Statistics

General Stats
  • This quiz has been taken 238 times
  • The average score is 9 of 12
Answer Stats
Year Country % Correct
1915, 1941 Germany
98%
1812, 1854 France
92%
1904 Japan
92%
1854 United Kingdom
90%
1941 Finland
87%
1609 Poland-Lithuania
81%
1382 Golden Horde
80%
1915 Austria-Hungary
79%
1237 Mongol Empire
79%
1915 Ottoman Empire
76%
1707 Sweden
72%
1571 Crimea
13%
No matching quizzes found
Score Distribution
Percent of People with Each Score
Percentile by Number Answered
Your Score History
You have not taken this quiz